00582nam a22001937a 450000500170000001000110001702000240002803500110005203700160006304000120007908200130009110000160010424500680012026000770018827000510026530000260031665000200034265000260036220170124110153.0 a063970 c$ 29.95a1895727022 a063970 bCen Lib/Ret aDPLbEN a080bNAI aNaidu, M.V. aDimensions of peace :cby M.V. Naidu ba collection of essays / aCanada bMulti-Disciplinary Investigative and Teaching Associationc1996 bCanada a511 pinegrove road, oakville, ontario avii, 396p.c19cm(pbk) aPeace movements aJustices of the peace